01208nam a2200265 a 4500001000200000003000900002005001700011008004100028040003000069082002700099110008500126245008400211264012500295300002500420336002700445337003300472338002800505590002700533650006800560650007500628910001400703942001300717952019500730999001700925 DO-SdBNP20230911153636.0110610s1951 dr r 000 0 spa d aDO-SdBNPbspacBNPHUerda a373.27bR426p 19512222 aRepública Dominicana.bMinisterio de Educación, Bellas Artes y Cultos95702410aProgramas del bachillerato en artes y letras para señoritas :bprimer curso / 1aCiudad Trujillo, República Dominicana :bMinisterio de Educación, Bellas Artes y Cultos,bEditora Del Caribe,c1951. a43 páginasc20 cm. 2rdacontentatextobtxt 2rdamediaasin mediaciónbn 2rdacarrieravolumenbnc aInventariado, 2023/ YL aEducacion secundaria xProgramaszRepública Dominicana977270 aActividades estudiantiles xProgramas zRepública Dominicana 977271 aYLockward 2ddccLF2 00102ddc51708DS-FRVaBNPHUbBNPHUcCTd2014-12-01eBarbara Suncarl0o373.27 R426p 1951p2023-5752r2023-09-11w2023-09-11yLF2zPerteneció a la biblioteca personal de Bárbara Suncar c54692d54692